Chile: economic policy and international economic relations since 1970
Saved in:
| 主要作者: | |
|---|---|
| 格式: | 圖書 |
| 語言: | 英语 |
| 出版: |
Santiago
Univ. Católica de Chile, Instituto de Economía
1983
|
| 叢編: | Documento de trabajo. Universidad Católica de Chile, Instituto de Economía, 86
|
| 主題: | |
| 標簽: |
添加標簽
沒有標簽, 成為第一個標記此記錄!
|
MARC
| LEADER | 00000nam a2200000 a 4500 | ||
|---|---|---|---|
| 001 | UCX1706 | ||
| 003 | CL-VaPUC | ||
| 008 | 901022e19830000CL |||||||||||||||||eng|d | ||
| 082 | 0 | 4 | |a 338.983 |b COR |2 21 |
| 100 | |a Corbo, Vittorio |e author |9 571707 | ||
| 245 | 1 | 0 | |a Chile: economic policy and international economic relations since 1970 |
| 300 | |a 64 p | ||
| 942 | |c BK | ||
| 945 | |d 19901022 00:00:00 | ||
| 260 | |a Santiago |b Univ. Católica de Chile, Instituto de Economía |c 1983 | ||
| 500 | |a Trabajo presentado a la Conference on National Economic Policies in Chile, organizada por la Universidad de California | ||
| 650 | 7 | |a POLITICA ECONOMICA 1970- |2 CL-VaPUC |9 317319 | |
| 650 | 7 | |a RELACIONES ECONOMICAS EXTERIORES 1970- |2 CL-VaPUC |9 317320 | |
| 651 | 7 | |a CHILE |2 CL-VaPUC |9 317321 | |
| 583 | |a last modification |c 19901022 00:00:00 |k Rodrigo Vera | ||
| 490 | 0 | |a Documento de trabajo. Universidad Católica de Chile, Instituto de Economía, 86 | |
| 999 | |c 222879 |d 222877 | ||
| 952 | |0 0 |1 0 |4 0 |6 338_983000000000000_COR_1983 |7 0 |8 A |9 218168 |a BIBENE |b BIBENE |d 2019-11-15 |i 287007K |o 338.983 COR 1983 |p 287007K |r 2025-01-15 |w 2019-11-15 |y BK |k ICO | ||